Eine neue volumetrische Bestimmung des Natriums im Blutserum
Elmentve itt :
| Szerzők: | |
|---|---|
| Dokumentumtípus: | Könyv része |
| Megjelent: |
1933
|
| Sorozat: | Közlemények a szegedi kir. magy. Ferencz József-Tudományegyetem belgyógyászati klinikájáról
Közlemények a szegedi kir. magy. Ferencz József-Tudományegyetem belgyógyászati klinikájáról 1932-1933 |
| Kulcsszavak: | Hematológia - esettanulmányok, Élettan - nátrium - hatása |
| Tárgyszavak: | |
| Online Access: | http://acta.bibl.u-szeged.hu/54078 |
| LEADER | 00955naa a2200217 i 4500 | ||
|---|---|---|---|
| 001 | acta54078 | ||
| 005 | 20220107080351.0 | ||
| 008 | 180607s1933 hu o 0|| hun d | ||
| 040 | |a SZTE Egyetemi Kiadványok Repozitórium |b hun | ||
| 041 | |a hun | ||
| 100 | 1 | |a Rusznyák István | |
| 245 | 1 | 0 | |a Eine neue volumetrische Bestimmung des Natriums im Blutserum |h [elektronikus dokumentum] / |c Rusznyák István |
| 260 | |c 1933 | ||
| 300 | |a 414-419 | ||
| 490 | 0 | |a Közlemények a szegedi kir. magy. Ferencz József-Tudományegyetem belgyógyászati klinikájáról | |
| 490 | 0 | |a Közlemények a szegedi kir. magy. Ferencz József-Tudományegyetem belgyógyászati klinikájáról 1932-1933 | |
| 650 | 4 | |a Orvos- és egészségtudomány | |
| 650 | 4 | |a Klinikai orvostan | |
| 695 | |a Hematológia - esettanulmányok, Élettan - nátrium - hatása | ||
| 700 | 0 | 1 | |a Hatz Ella |e aut |
| 856 | 4 | 0 | |u http://acta.bibl.u-szeged.hu/54078/1/kozl_belgy_32_33_414-419.pdf |z Dokumentum-elérés |